000 01304nam a2200349 i 4500
001 000016184
003 DO-SdBNP
005 20240405142853.0
007 ta
008 100301s1996 dr 001 0 spa d
040 _aDO-SdBNP
_bspa
_cBNPHU
_erda
082 4 _a347.07293
_bT231e, 1996
_222
100 1 _aTavares, F.
_936209
_eautor
245 1 0 _aElementos de derecho procesal civil dominicano 8
250 _a4a ed.
264 _aSanto Domingo :
_bCentenario,
_c1996.
300 _avolumenes ;
_c22 cm.
336 _2rdacontent
_atexto
_btxt
337 _2rdamedia
_asin mediación
_bn
338 _2rdacarrier
_avolumen
_bnc
500 _aIncluye referencias bibliográficas y notas al pie de páginas.
500 _aIncluye índice alfabetico
500 _aLa biblioteca posee el v. 3 y v. 4
504 _aBibliografía : p. 221-222.
505 0 _av. 3**
_tLos recursos--
_gv.4--
_tLos procedimientos ejecutivos. Los procedimientos de repartición.
650 4 _aDerecho penal
_xLegislación
_zRepública Dominicana
_916570
650 4 _aProcedimiento penal
_xLegislación
_zRepública Dominicana
_916571
650 4 _aDerecho civil
_zRepública Dominicana
_91058
700 1 _aTavares, Froilan J. R.,
_eeditor
_912248
700 1 _aTavares A., Margarita A.,
_eeditor
_936210
942 _2ddc
_cLBS1
999 _c15723
_d15723